| 000 | 00726nam a22002177a 4500 | ||
|---|---|---|---|
| 005 | 20210922115636.0 | ||
| 008 | 210922b xxu||||| |||| 00| 0 spa d | ||
| 041 | _aeng | ||
| 082 | _aTU 147 | ||
| 100 |
_aPicado Martínez, Alejandro _961486 |
||
| 100 |
_aFernández Carrillo, Ricardo _961487 |
||
| 245 | _aMicrobeneficio Los Sauces: diversificación de su actividad cafertalera búsqueda de la formalización y reconocimiento por medio de obtención de la Declaración Turística | ||
| 260 | _cCosta Rica | ||
| 260 | _c2021 | ||
| 650 |
_aMICROBENEFICIO DE CAFÉ _961488 |
||
| 650 |
_aAGROTURISMO _91916 |
||
| 650 |
_aTURISMO RURAL _91917 |
||
| 650 |
_aFINCA LOS SAUCES _961489 |
||
| 650 |
_aOROSI _92378 |
||
| 942 | _cIP | ||
| 999 |
_c13172 _d13172 |
||